01078nam a2200277 a 450000100060000000300080000600500170001400800410003103500190007203500140009104000270010504100110013208200260014324503070016924600310047626000280050730000350053550000230057050000240059350400290061765000310064670000250067771000120070271000480071471000380076211536BD-RjUL20211208235136.0140127s1972 f a b 100 0 eng  a(BD-RjUL)11585 a(BD-RjUL) aLCbengcLCd(BD-RjUL)0 aengfre 219a551.49 bGEO 197200aGeology of saline deposits : proceedings of the Hanover Symposium organized by Unesco and the Bundesanstalt fur Bodenforschung and sponsored by the International Union of Geological Sciences 15-21 May 1968 =bGeolgie des depots salins : actes du Colloque du Hanovre ... /cedited by G. Richter-Berburg.3 aGeologie des depots salins aParis :bUnesco,c1972. a316 p. :bill., maps ;c28 cm. a"SC.70/XVII.7/AF." aEnglish and French. aIncludes bibliographies. 0aSalt depositsxCongresses.1 aRichter-Bernburg, G.2 aUnesco.2 aInternational Union of Geological Sciences.2 aBundesanstalt fur Bodenforschung.